000 00890nam a22002537a 4500
005 20101222154056.0
008 101222t xxu||||| |||| 00| 0 eng d
010 _aENG-101859
020 _a9789350248041
_c275.00
035 _aEN-85392
037 _bDBAD / PUB
040 _adpl
_bEnglish
082 _a658.5
100 _925069
_aBhat, K. Shridhara
245 _aProduction and operations management /
_cby K. Shridhara Bhat
260 _aMumbai
_bHimalaya Publishing House
_c2011
270 _aRamdoot, Dr. Bhalerao Marg, Girgaon
_bMumbai
_e400004
_k23860170
_l022-23877178
300 _a429p.
_c23cm (pbk)
500 _aIncludes index
650 _925070
700 _925071
942 _2ddc
_cEN
_mBHA
_h658.5
999 _c49431
_d49431